| 000 | 03253nam a2200325 a 4500 | ||
|---|---|---|---|
| 003 | OSt | ||
| 005 | 20250812143902.0 | ||
| 007 | cr ||||||a|a|a | ||
| 008 | 250626s2025 mx a|||fom||| 001 0 spa d | ||
| 040 | _erda | ||
| 100 | 1 |
_aMarquez Vazquez, Guadalupe _9190548 |
|
| 245 | 1 | 0 |
_aEstudio de efectividad biólogica de fosforita y manejo convencional de mosquita blanca (Phaseolus vulgaris) en Chapingo, México / _cpor Guadalupe Marquez Vazquez; director de tesis Jaime Alfredo Urzúa Gutiérrez; secretario Jose Ulises García Romero; vocal Calixto Leopoldo Carrillo Fonseca; suplente Artemio Rosas Meza; suplente Moises Camacho Tapia. |
| 264 | 1 |
_aChapingo, México : _bEl autor, _c2024. |
|
| 300 |
_a1 recurso en línea (88 páginas): _bcuadros, figuras. |
||
| 336 |
_2rdacontent _atexto _btxt |
||
| 337 |
_2rdamedia _acomputadora _bc |
||
| 338 |
_2rdacarrier _arecurso en línea _bcr |
||
| 502 |
_bIAEPA _cParasitología _d2024. _gLIC |
||
| 504 | _aIncluye referencias bibliográficas: páginas 59-61. | ||
| 520 | _aEl frijol tiene sus orígenes en América, es un producto que forma parte de la dieta básica de la población mexicana desde la época prehispánica, por lo cual es parte fundamental de la identidad y nutrición de los pueblos; contiene antioxidantes de gran importancia para la salud humana ya que aporta proteínas y carbohidratos, se estima un consumo nacional de más de un millón de toneladas por año, lo cual implica al menos una producción de 1.69 millones de hectáreas por año; de acuerdo con (Sader, 2022) México se posiciona en la actualidad en el noveno lugar en exportación de frijol a nivel mundial. El presente trabajo de investigación realizado tuvo como objetivo evaluar la efectividad biológica de productos orgánicos y sintéticos en el control de Mosquita blanca (Bemisia tabaci) en cultivo de frijol. Para hacer posible el desarrollo del proyecto de investigación se implementó un análisis comparativo de cuatro tratamientos (Tierra fosforita en dosis de 40 gramos/4 Litros de agua y 80 gramos/4 Litros de agua, Abamectina a dosis de 8 mililitros/4 Litros de agua y Tiametoxam + Clorantraniliprol a dosis de 9.6 mililitros/4 Litros de agua) y un testigo aplicado a campo abierto, población de la plaga de interés, así como de la producción y rendimiento del cultivo seleccionado. Los resultados obtenidos muestran ser positivos en función a la protección que proporcionan hacia el sembradío al ser procesados en gráficas. Se concluye que el producto con un mayor espectro de control sobre la plaga corresponde a Tiametoxam + Clorantraniliprol, lo cual permite un mejor desarrollo del cultivo que se verá reflejado en la cosecha. | ||
| 650 | 4 |
_aBemisia Tabaci _xControl _9129811 |
|
| 650 | 4 |
_aFrijol _xPlagas _943415 |
|
| 700 | 1 |
_aUrzúa Gutiérrez, Jaime Alfredo _edirector de tesis. _9117018 |
|
| 700 | 1 |
_aGarcía Romero, José Ulises _946550 _esecretario. |
|
| 700 | 1 |
_aCarrillo Fonseca, Calixto Leopoldo _919482 _evocal. |
|
| 700 | 1 |
_aRosas Meza, Artemio _9100031 _esuplente. |
|
| 700 | 1 |
_aCamacho Tapia, Moises _esuplente. _917710 |
|
| 856 |
_uhttp://10.13.5.2/tesis/tl/1911429-4_MARQUEZ_VAZQUEZ_GUADALUPE.pdf _zDESCARGAR PDF |
||
| 942 |
_2Clasificación Universidad Autónoma Chapingo _cTD |
||
| 999 |
_c220694 _d220694 |
||